| 000 | 00964nam0a22002291 4500 | ||
|---|---|---|---|
| 001 | rc\2913868 | ||
| 005 | 20110810165151.9 | ||
| 035 | _a(NLR Aleph) 007064400 | ||
| 090 |
_a6318044 _c6318044 |
||
| 100 | _a20110810d1934 |||y0rusy50 ca | ||
| 101 | 0 | _arus | |
| 102 | _aRU | ||
| 105 | _aa z ||||| | ||
| 200 | 1 |
_aРадиоустановки в партаудиториях _eПамятка райорганизатора заоч. партобучения и зав. радиоаудиторией _fЛ. Кубаркин _gИн-т массового заоч. обучения партактива при ЦК ВКП(б) |
|
| 210 |
_a[Москва] _cПартиздат _d1934 _gтип. изд-ва "Крестьян. газ." |
||
| 215 |
_a52 с. _cил. _d22х15 см |
||
| 700 | 1 |
_aКубаркин _bЛ. В. _gЛеонтий Владимирович |
|
| 801 | 0 |
_aRU _bNLR _gpsbo |
|
| 801 | 1 |
_aRU _bELAR _2rusmarc |
|
| 852 |
_aNLR _j34-11/1389 |
||
| 942 | _cBOOK | ||
| 980 | _aNB | ||